[Event "Campeonato España Sub 10"]
[Site "Salobreña"]
[Date "2017.07.03"]
[Round "1"]
[White "Raya Hidalgo, Dario"]
[Black "Villagordo Espinosa, Carlos"]
[Result "0-1"]
[Board "10"]
[WhiteElo "1136"]
[WhiteCountry "ESP"]
[WhiteFideId "24552569"]
[WhiteEloChange "-2"]
[BlackElo "1527"]
[BlackCountry "ESP"]
[BlackFideId "24528943"]
[BlackEloChange "2"]

1. e4 {[%clk 1:30:30]} c5 {[%clk 1:30:30]} 2. Nf3 {[%clk 1:30:30]} d6 {[%clk
1:30:30]} 3. d4 {[%clk 1:30:30]} cxd4 {[%clk 1:30:30]} 4. Nxd4 {[%clk 1:30:30]}
Nf6 {[%clk 1:30:30]} 5. Nc3 {[%clk 1:30:30]} g6 {[%clk 1:30:30]} 6. Bc4 {[%clk
1:30:30]} Bg7 {[%clk 1:30:30]} 7. Be3 {[%clk 1:30:30]} O-O {[%clk 1:30:30]} 8. f3
{[%clk 1:30:30]} Nc6 {[%clk 1:30:30]} 9. Bb3 {[%clk 1:30:30]} Bd7 {[%clk
1:30:30]} 10. Qd2 {[%clk 1:30:30]} Rc8 {[%clk 1:30:30]} 11. h4 {[%clk 1:30:30]}
h5 {[%clk 1:30:30]} 12. O-O-O {[%clk 1:30:30]} Ne5 {[%clk 1:30:30]} 13. Bh6
{[%clk 1:30:30]} Rc5 {[%clk 1:30:30]} 14. Bxg7 {[%clk 1:30:30]} Kxg7 {[%clk
1:30:30]} 15. f4 {[%clk 1:30:30]} Neg4 {[%clk 1:30:30]} 16. Rhf1 {[%clk 1:30:30]}
b5 {[%clk 1:30:30]} 17. f5 {[%clk 1:30:30]} b4 {[%clk 1:30:30]} 18. Na4 {[%clk
1:30:30]} Bxa4 {[%clk 1:30:30]} 19. Bxa4 {[%clk 1:30:30]} Qa5 {[%clk 1:30:30]}
20. fxg6 {[%clk 1:30:30]} Qxa4 {[%clk 1:30:30]} 21. gxf7 {[%clk 1:30:30]} Qxa2
{[%clk 1:30:30]} 22. Qxb4 {[%clk 1:30:30]} Nxe4 {[%clk 1:30:30]} 23. Nb3 {[%clk
1:30:30]} Re5 {[%clk 1:30:30]} 24. Rd4 {[%clk 1:30:30]} Qa6 {[%clk 1:30:30]} 25.
Rf4 {[%clk 1:30:30]} Ngf2 {[%clk 1:30:30]} 26. Rdxe4 {[%clk 1:30:30]} Qf1+ {[%clk
1:30:30]} 27. Kd2 {[%clk 1:30:30]} Qd1+ {[%clk 1:30:30]} 28. Kc3 {[%clk 1:30:30]}
Nxe4+ {[%clk 1:30:30]} 29. Rxe4 {[%clk 1:30:30]} Rc8+ {[%clk 1:30:30]} 30. Rc4
{[%clk 1:30:30]} Re3# {[%clk 1:30:30]} 0-1

[Event "Campeonato España Sub 10"]
[Site "Salobreña"]
[Date "2017.07.03"]
[Round "1"]
[White "Herranz Suarez, David"]
[Black "Pinyol i Llora, Julia"]
[Result "1-0"]
[Board "11"]
[WhiteElo "1502"]
[WhiteCountry "ESP"]
[WhiteFideId "24591211"]
[WhiteEloChange "2"]
[BlackElo "1130"]
[BlackCountry "ESP"]
[BlackFideId "24596027"]
[BlackEloChange "-2"]

1. d4 {[%clk 1:30:30]} Nf6 {[%clk 1:30:30]} 2. c4 {[%clk 1:30:30]} e6 {[%clk
1:30:30]} 3. Bf4 {[%clk 1:30:30]} d5 {[%clk 1:30:30]} 4. e3 {[%clk 1:30:30]} Be7
{[%clk 1:30:30]} 5. Nf3 {[%clk 1:30:30]} O-O {[%clk 1:30:30]} 6. Bd3 {[%clk
1:30:30]} dxc4 {[%clk 1:30:30]} 7. Bxc4 {[%clk 1:30:30]} Nc6 {[%clk 1:30:30]} 8.
O-O {[%clk 1:30:30]} b6 {[%clk 1:30:30]} 9. Nc3 {[%clk 1:30:30]} Bb7 {[%clk
1:30:30]} 10. Bd3 {[%clk 1:30:30]} Nb4 {[%clk 1:30:30]} 11. Bb1 {[%clk 1:30:30]}
c5 {[%clk 1:30:30]} 12. a3 {[%clk 1:30:30]} Nc6 {[%clk 1:30:30]} 13. dxc5 {[%clk
1:30:30]} Qxd1 {[%clk 1:30:30]} 14. Rxd1 {[%clk 1:30:30]} bxc5 {[%clk 1:30:30]}
15. Ne4 {[%clk 1:30:30]} e5 {[%clk 1:30:30]} 16. Bg5 {[%clk 1:30:30]} Nxe4 {[%clk
1:30:30]} 17. Bxe4 {[%clk 1:30:30]} Bxg5 {[%clk 1:30:30]} 18. Nxg5 {[%clk
1:30:30]} h6 {[%clk 1:30:30]} 19. Nf3 {[%clk 1:30:30]} Rfe8 {[%clk 1:30:30]} 20.
Rd7 {[%clk 1:30:30]} Bc8 {[%clk 1:30:30]} 21. Rc7 {[%clk 1:30:30]} Rb8 {[%clk
1:30:30]} 22. Bxc6 {[%clk 1:30:30]} Rd8 {[%clk 1:30:30]} 23. Nxe5 {[%clk
1:30:30]} Rxb2 {[%clk 1:30:30]} 24. Nxf7 {[%clk 1:30:30]} Rbd2 {[%clk 1:30:30]}
25. Nxd8 {[%clk 1:30:30]} Rxd8 {[%clk 1:30:30]} 26. h3 {[%clk 1:30:30]} a6 {[%clk
1:30:30]} 27. Rb1 {[%clk 1:30:30]} Bf5 {[%clk 1:30:30]} 28. Rbb7 {[%clk 1:30:30]}
Rd1+ {[%clk 1:30:30]} 29. Kh2 {[%clk 1:30:30]} Rd8 {[%clk 1:30:30]} 30. e4 {[%clk
1:30:30]} Bg6 {[%clk 1:30:30]} 31. Rxg7+ {[%clk 1:30:30]} Kh8 {[%clk 1:30:30]}
32. Rxg6 {[%clk 1:30:30]} Rg8 {[%clk 1:30:30]} 33. Rxh6# {[%clk 1:30:30]} 1-0

[Event "Campeonato España Sub 10"]
[Site "Salobreña"]
[Date "2017.07.03"]
[Round "1"]
[White "Gomez Salva, Roberto"]
[Black "Llamas Martinez, Pablo"]
[Result "0-1"]
[Board "12"]
[WhiteElo "1128"]
[WhiteCountry "ESP"]
[WhiteFideId "24593397"]
[WhiteEloChange "-3"]
[BlackElo "1453"]
[BlackCountry "ESP"]
[BlackFideId "24544582"]
[BlackEloChange "3"]

1. e4 {[%clk 1:30:30]} c5 {[%clk 1:30:30]} 2. Nf3 {[%clk 1:30:30]} Nc6 {[%clk
1:30:30]} 3. d4 {[%clk 1:30:30]} cxd4 {[%clk 1:30:30]} 4. Nxd4 {[%clk 1:30:30]}
Nf6 {[%clk 1:30:30]} 5. Nc3 {[%clk 1:30:30]} e5 {[%clk 1:30:30]} 6. Nf5 {[%clk
1:30:30]} d5 {[%clk 1:30:30]} 7. Nxd5 {[%clk 1:30:30]} Nxd5 {[%clk 1:30:30]} 8.
Qxd5 {[%clk 1:30:30]} Qxd5 {[%clk 1:30:30]} 9. exd5 {[%clk 1:30:30]} Bxf5 {[%clk
1:30:30]} 10. dxc6 {[%clk 1:30:30]} bxc6 {[%clk 1:30:30]} 11. Bd3 {[%clk
1:30:30]} Bxd3 {[%clk 1:30:30]} 12. cxd3 {[%clk 1:30:30]} Rd8 {[%clk 1:30:30]}
13. Ke2 {[%clk 1:30:30]} Bc5 {[%clk 1:30:30]} 14. f4 {[%clk 1:30:30]} Bd4 {[%clk
1:30:30]} 15. Re1 {[%clk 1:30:30]} O-O {[%clk 1:30:30]} 16. fxe5 {[%clk 1:30:30]}
Bxe5 {[%clk 1:30:30]} 17. Be3 {[%clk 1:30:30]} Bxb2 {[%clk 1:30:30]} 18. Rab1
{[%clk 1:30:30]} Bd4 {[%clk 1:30:30]} 19. Rb7 {[%clk 1:30:30]} Bxe3 {[%clk
1:30:30]} 20. Kxe3 {[%clk 1:30:30]} Rfe8+ {[%clk 1:30:30]} 21. Kd2 {[%clk
1:30:30]} Rxe1 {[%clk 1:30:30]} 22. Kxe1 {[%clk 1:30:30]} Kf8 {[%clk 1:30:30]}
23. Kd2 {[%clk 1:30:30]} a5 {[%clk 1:30:30]} 24. Rc7 {[%clk 1:30:30]} Rd6 {[%clk
1:30:30]} 25. Ra7 {[%clk 1:30:30]} Rg6 {[%clk 1:30:30]} 26. g3 {[%clk 1:30:30]}
Rh6 {[%clk 1:30:30]} 27. Rxa5 {[%clk 1:30:30]} Rxh2+ {[%clk 1:30:30]} 28. Kc3
{[%clk 1:30:30]} Rg2 {[%clk 1:30:30]} 29. a4 {[%clk 1:30:30]} Rxg3 {[%clk
1:30:30]} 30. Rc5 {[%clk 1:30:30]} Rg1 {[%clk 1:30:30]} 31. Rxc6 {[%clk 1:30:30]}
Rc1+ {[%clk 1:30:30]} 32. Kb4 {[%clk 1:30:30]} Rxc6 {[%clk 1:30:30]} 33. Kb5
{[%clk 1:30:30]} Rc8 {[%clk 1:30:30]} 34. a5 {[%clk 1:30:30]} Ra8 {[%clk
1:30:30]} 35. d4 {[%clk 1:30:30]} Ke7 {[%clk 1:30:30]} 36. Kb6 {[%clk 1:30:30]}
Kd6 {[%clk 1:30:30]} 37. a6 {[%clk 1:30:30]} h5 {[%clk 1:30:30]} 38. Kb7 {[%clk
1:30:30]} Re8 {[%clk 1:30:30]} 39. a7 {[%clk 1:30:30]} h4 {[%clk 1:30:30]} 40.
a8Q {[%clk 1:30:30]} Rxa8 {[%clk 1:30:30]} 41. Kxa8 {[%clk 1:30:30]} h3 {[%clk
1:30:30]} 42. Ka7 {[%clk 1:30:30]} h2 {[%clk 1:30:30]} 43. Kb8 {[%clk 1:30:30]}
h1Q {[%clk 1:30:30]} 44. Kc8 {[%clk 1:30:30]} Qa8# {[%clk 1:30:30]} 0-1

[Event "Campeonato España Sub 10"]
[Site "Salobreña"]
[Date "2017.07.03"]
[Round "1"]
[White "Ortiz Padro, Pol"]
[Black "Matesanz de la Fuente, Marcos"]
[Result "0-1"]
[Board "13"]
[WhiteElo "1382"]
[WhiteCountry "ESP"]
[WhiteFideId "24594040"]
[WhiteEloChange "-16"]
[BlackElo "1127"]
[BlackCountry "ESP"]
[BlackFideId "24575518"]
[BlackEloChange "16"]

1. e4 {[%clk 1:30:30]} e6 {[%clk 1:30:30]} 2. d4 {[%clk 1:30:30]} d5 {[%clk
1:30:30]} 3. Nd2 {[%clk 1:30:30]} Ne7 {[%clk 1:30:30]} 4. Bd3 {[%clk 1:30:30]} g6
{[%clk 1:30:30]} 5. Ngf3 {[%clk 1:30:30]} Bg7 {[%clk 1:30:30]} 6. c3 {[%clk
1:30:30]} O-O {[%clk 1:30:30]} 7. O-O {[%clk 1:30:30]} Nbc6 {[%clk 1:30:30]} 8.
Nb3 {[%clk 1:30:30]} b6 {[%clk 1:30:30]} 9. Be3 {[%clk 1:30:30]} Bb7 {[%clk
1:30:30]} 10. Qd2 {[%clk 1:30:30]} a6 {[%clk 1:30:30]} 11. a4 {[%clk 1:30:30]}
Na7 {[%clk 1:30:30]} 12. Bh6 {[%clk 1:30:30]} dxe4 {[%clk 1:30:30]} 13. Bxg7
{[%clk 1:30:30]} Kxg7 {[%clk 1:30:30]} 14. Ne5 {[%clk 1:30:30]} exd3 {[%clk
1:30:30]} 15. Ng4 {[%clk 1:30:30]} Nf5 {[%clk 1:30:30]} 16. d5 {[%clk 1:30:30]}
Qxd5 {[%clk 1:30:30]} 17. f3 {[%clk 1:30:30]} Qxb3 {[%clk 1:30:30]} 18. Rfe1
{[%clk 1:30:30]} Qc2 {[%clk 1:30:30]} 19. Qf4 {[%clk 1:30:30]} d2 {[%clk
1:30:30]} 20. Red1 {[%clk 1:30:30]} Rad8 {[%clk 1:30:30]} 21. Qe5+ {[%clk
1:30:30]} f6 {[%clk 1:30:30]} 22. Qxc7+ {[%clk 1:30:30]} Kh8 {[%clk 1:30:30]} 23.
Qxb7 {[%clk 1:30:30]} Nc8 {[%clk 1:30:30]} 24. Qc7 {[%clk 1:30:30]} Qd3 {[%clk
1:30:30]} 25. h3 {[%clk 1:30:30]} Ne3 {[%clk 1:30:30]} 26. Nxe3 {[%clk 1:30:30]}
Qxe3+ {[%clk 1:30:30]} 27. Kh1 {[%clk 1:30:30]} Nd6 {[%clk 1:30:30]} 28. a5
{[%clk 1:30:30]} b5 {[%clk 1:30:30]} 29. b3 {[%clk 1:30:30]} Nf5 {[%clk 1:30:30]}
30. Qb7 {[%clk 1:30:30]} Qxc3 {[%clk 1:30:30]} 31. Qxa6 {[%clk 1:30:30]} Ne3
{[%clk 1:30:30]} 32. Qxe6 {[%clk 1:30:30]} Nxd1 {[%clk 1:30:30]} 33. Rxd1 {[%clk
1:30:30]} Qc1 {[%clk 1:30:30]} 34. Rxc1 {[%clk 1:30:30]} dxc1Q+ {[%clk 1:30:30]}
35. Kh2 {[%clk 1:30:30]} Qf4+ {[%clk 1:30:30]} 36. Kg1 {[%clk 1:30:30]} Rd1+
{[%clk 1:30:30]} 37. Kf2 {[%clk 1:30:30]} Qd2+ {[%clk 1:30:30]} 38. Kg3 {[%clk
1:30:30]} Qg5+ {[%clk 1:30:30]} 39. Kh2 {[%clk 1:30:30]} Qf4+ {[%clk 1:30:30]}
40. g3 {[%clk 1:30:30]} Qd2+ {[%clk 1:30:30]} 41. Qe2 {[%clk 1:30:30]} Qxe2#
{[%clk 1:30:30]} 0-1

[Event "Campeonato España Sub 10"]
[Site "Salobreña"]
[Date "2017.07.03"]
[Round "1"]
[White "Garcia Gonzalez, Thaziri"]
[Black "Del Prado Rodriguez, Xulio"]
[Result "0-1"]
[Board "14"]
[WhiteElo "1126"]
[WhiteCountry "ESP"]
[WhiteFideId "24565903"]
[WhiteEloChange "-3"]
[BlackElo "1444"]
[BlackCountry "ESP"]
[BlackFideId "24544418"]
[BlackEloChange "3"]

1. e4 {[%clk 1:30:30]} c5 {[%clk 1:30:30]} 2. g3 {[%clk 1:30:30]} e6 {[%clk
1:30:30]} 3. Bg2 {[%clk 1:30:30]} Qc7 {[%clk 1:30:30]} 4. Nf3 {[%clk 1:30:30]} d6
{[%clk 1:30:30]} 5. O-O {[%clk 1:30:30]} Nf6 {[%clk 1:30:30]} 6. d4 {[%clk
1:30:30]} cxd4 {[%clk 1:30:30]} 7. Qxd4 {[%clk 1:30:30]} Nbd7 {[%clk 1:30:30]} 8.
Nc3 {[%clk 1:30:30]} a6 {[%clk 1:30:30]} 9. Bg5 {[%clk 1:30:30]} Be7 {[%clk
1:30:30]} 10. Rae1 {[%clk 1:30:30]} h6 {[%clk 1:30:30]} 11. Bxf6 {[%clk 1:30:30]}
Bxf6 {[%clk 1:30:30]} 12. Qb4 {[%clk 1:30:30]} O-O {[%clk 1:30:30]} 13. e5 {[%clk
1:30:30]} Nxe5 {[%clk 1:30:30]} 14. Nxe5 {[%clk 1:30:30]} Bxe5 {[%clk 1:30:30]}
15. Be4 {[%clk 1:30:30]} d5 {[%clk 1:30:30]} 16. Bd3 {[%clk 1:30:30]} b5 {[%clk
1:30:30]} 17. Qg4 {[%clk 1:30:30]} Bxc3 {[%clk 1:30:30]} 18. bxc3 {[%clk
1:30:30]} Qxc3 {[%clk 1:30:30]} 19. Qh5 {[%clk 1:30:30]} Qf6 {[%clk 1:30:30]} 20.
Re3 {[%clk 1:30:30]} Bb7 {[%clk 1:30:30]} 21. Rf3 {[%clk 1:30:30]} Qg5 {[%clk
1:30:30]} 22. g4 {[%clk 1:30:30]} Qxh5 {[%clk 1:30:30]} 23. gxh5 {[%clk 1:30:30]}
e5 {[%clk 1:30:30]} 24. Bf5 {[%clk 1:30:30]} d4 {[%clk 1:30:30]} 25. Rg3 {[%clk
1:30:30]} Bc8 {[%clk 1:30:30]} 26. Be4 {[%clk 1:30:30]} Rb8 {[%clk 1:30:30]} 27.
Rd1 {[%clk 1:30:30]} Be6 {[%clk 1:30:30]} 28. Rdd3 {[%clk 1:30:30]} Rbc8 {[%clk
1:30:30]} 29. Rg2 {[%clk 1:30:30]} Rc3 {[%clk 1:30:30]} 30. Rd2 {[%clk 1:30:30]}
Bxa2 {[%clk 1:30:30]} 31. f4 {[%clk 1:30:30]} f6 {[%clk 1:30:30]} 32. Rg6 {[%clk
1:30:30]} Bf7 {[%clk 1:30:30]} 33. Rgg2 {[%clk 1:30:30]} Bxh5 {[%clk 1:30:30]}
34. Rdf2 {[%clk 1:30:30]} a5 {[%clk 1:30:30]} 35. Kh1 {[%clk 1:30:30]} Bf7 {[%clk
1:30:30]} 36. Rf1 {[%clk 1:30:30]} f5 {[%clk 1:30:30]} 37. Bd3 {[%clk 1:30:30]}
Bd5 {[%clk 1:30:30]} 38. Kg1 {[%clk 1:30:30]} Bxg2 {[%clk 1:30:30]} 39. Kxg2
{[%clk 1:30:30]} e4 {[%clk 1:30:30]} 40. Bxb5 {[%clk 1:30:30]} Rxc2+ {[%clk
1:30:30]} 41. Kg3 {[%clk 1:30:30]} d3 {[%clk 1:30:30]} 42. h4 {[%clk 1:30:30]}
Rb8 {[%clk 1:30:30]} 43. Ba4 {[%clk 1:30:30]} Re2 {[%clk 1:30:30]} 44. h5 {[%clk
1:30:30]} Rbb2 {[%clk 1:30:30]} 45. Kh3 {[%clk 1:30:30]} Rh2+ {[%clk 1:30:30]}
46. Kg3 {[%clk 1:30:30]} Rbg2# {[%clk 1:30:30]} 0-1

[Event "Campeonato España Sub 10"]
[Site "Salobreña"]
[Date "2017.07.03"]
[Round "1"]
[White "Fernandez Rosado, Roberto"]
[Black "Torres Lopez, David"]
[Result "1-0"]
[Board "15"]
[WhiteElo "1436"]
[WhiteCountry "ESP"]
[WhiteFideId "24594016"]
[WhiteEloChange "3"]
[BlackElo "1125"]
[BlackCountry "ESP"]
[BlackFideId "24544396"]
[BlackEloChange "-3"]

1. e4 {[%clk 1:30:30]} c5 {[%clk 1:30:30]} 2. Nf3 {[%clk 1:30:30]} Nc6 {[%clk
1:30:30]} 3. d4 {[%clk 1:30:30]} cxd4 {[%clk 1:30:30]} 4. Nxd4 {[%clk 1:30:30]}
g6 {[%clk 1:30:30]} 5. c4 {[%clk 1:30:30]} Bg7 {[%clk 1:30:30]} 6. Be3 {[%clk
1:30:30]} Nf6 {[%clk 1:30:30]} 7. Nc3 {[%clk 1:30:30]} O-O {[%clk 1:30:30]} 8.
Be2 {[%clk 1:30:30]} d6 {[%clk 1:30:30]} 9. O-O {[%clk 1:30:30]} Bd7 {[%clk
1:30:30]} 10. Qd2 {[%clk 1:30:30]} Nxd4 {[%clk 1:30:30]} 11. Bxd4 {[%clk
1:30:30]} Be6 {[%clk 1:30:30]} 12. f3 {[%clk 1:30:30]} a6 {[%clk 1:30:30]} 13.
Nd5 {[%clk 1:30:30]} Nxd5 {[%clk 1:30:30]} 14. cxd5 {[%clk 1:30:30]} Bd7 {[%clk
1:30:30]} 15. Bxg7 {[%clk 1:30:30]} Kxg7 {[%clk 1:30:30]} 16. Qd4+ {[%clk
1:30:30]} f6 {[%clk 1:30:30]} 17. f4 {[%clk 1:30:30]} Qc7 {[%clk 1:30:30]} 18.
Rfc1 {[%clk 1:30:30]} Qb8 {[%clk 1:30:30]} 19. Qb6 {[%clk 1:30:30]} Qa7 {[%clk
1:30:30]} 20. Qxa7 {[%clk 1:30:30]} Rxa7 {[%clk 1:30:30]} 21. Rc7 {[%clk
1:30:30]} Rd8 {[%clk 1:30:30]} 22. Rac1 {[%clk 1:30:30]} Kf7 {[%clk 1:30:30]} 23.
R1c3 {[%clk 1:30:30]} Be8 {[%clk 1:30:30]} 24. Kf2 {[%clk 1:30:30]} Rda8 {[%clk
1:30:30]} 25. e5 {[%clk 1:30:30]} Kg8 {[%clk 1:30:30]} 26. Rxe7 {[%clk 1:30:30]}
fxe5 {[%clk 1:30:30]} 27. fxe5 {[%clk 1:30:30]} dxe5 {[%clk 1:30:30]} 28. Rcc7
{[%clk 1:30:30]} h5 {[%clk 1:30:30]} 29. Rg7+ {[%clk 1:30:30]} Kf8 {[%clk
1:30:30]} 30. Rh7 {[%clk 1:30:30]} Kg8 {[%clk 1:30:30]} 31. d6 {[%clk 1:30:30]}
Rd8 {[%clk 1:30:30]} 32. Bc4+ {[%clk 1:30:30]} Bf7 {[%clk 1:30:30]} 33. Rcxf7
{[%clk 1:30:30]} Rxd6 {[%clk 1:30:30]} 34. Rfg7+ {[%clk 1:30:30]} Kf8 {[%clk
1:30:30]} 35. Rg8# {[%clk 1:30:30]} 1-0

[Event "Campeonato España Sub 10"]
[Site "Salobreña"]
[Date "2017.07.03"]
[Round "1"]
[White "Horcajuelo Rocamora, Martin"]
[Black "Garcia Almeida, Valeria"]
[Result "1-0"]
[Board "17"]
[WhiteElo "1421"]
[WhiteCountry "ESP"]
[WhiteFideId "24573027"]
[WhiteEloChange "3"]
[BlackElo "1113"]
[BlackCountry "ESP"]
[BlackFideId "24500135"]
[BlackEloChange "-3"]

1. e4 {[%clk 1:30:30]} c5 {[%clk 1:30:30]} 2. Nf3 {[%clk 1:30:30]} Nc6 {[%clk
1:30:30]} 3. c3 {[%clk 1:30:30]} g6 {[%clk 1:30:30]} 4. d4 {[%clk 1:30:30]} d6
{[%clk 1:30:30]} 5. h3 {[%clk 1:30:30]} Bg7 {[%clk 1:30:30]} 6. Be3 {[%clk
1:30:30]} Nf6 {[%clk 1:30:30]} 7. Qc2 {[%clk 1:30:30]} O-O {[%clk 1:30:30]} 8.
Bc4 {[%clk 1:30:30]} a6 {[%clk 1:30:30]} 9. a4 {[%clk 1:30:30]} Bd7 {[%clk
1:30:30]} 10. O-O {[%clk 1:30:30]} Rb8 {[%clk 1:30:30]} 11. dxc5 {[%clk 1:30:30]}
dxc5 {[%clk 1:30:30]} 12. Bxc5 {[%clk 1:30:30]} b5 {[%clk 1:30:30]} 13. axb5
{[%clk 1:30:30]} axb5 {[%clk 1:30:30]} 14. Ba2 {[%clk 1:30:30]} b4 {[%clk
1:30:30]} 15. Rd1 {[%clk 1:30:30]} Qc7 {[%clk 1:30:30]} 16. Qe2 {[%clk 1:30:30]}
b3 {[%clk 1:30:30]} 17. Nbd2 {[%clk 1:30:30]} bxa2 {[%clk 1:30:30]} 18. Rxa2
{[%clk 1:30:30]} Ra8 {[%clk 1:30:30]} 19. Rxa8 {[%clk 1:30:30]} Rxa8 {[%clk
1:30:30]} 20. Nc4 {[%clk 1:30:30]} Be6 {[%clk 1:30:30]} 21. Ne3 {[%clk 1:30:30]}
Nxe4 {[%clk 1:30:30]} 22. Ba3 {[%clk 1:30:30]} Bxc3 {[%clk 1:30:30]} 23. Qd3
{[%clk 1:30:30]} Ra4 {[%clk 1:30:30]} 24. bxc3 {[%clk 1:30:30]} Rxa3 {[%clk
1:30:30]} 25. Qxe4 {[%clk 1:30:30]} Rxc3 {[%clk 1:30:30]} 26. Nd5 {[%clk
1:30:30]} Bxd5 {[%clk 1:30:30]} 27. Qxd5 {[%clk 1:30:30]} Rc2 {[%clk 1:30:30]}
28. Qe4 {[%clk 1:30:30]} Rb2 {[%clk 1:30:30]} 29. Qh4 {[%clk 1:30:30]} Ne5 {[%clk
1:30:30]} 30. Ng5 {[%clk 1:30:30]} h5 {[%clk 1:30:30]} 31. Qf4 {[%clk 1:30:30]}
f6 {[%clk 1:30:30]} 32. Re1 {[%clk 1:30:30]} Rb5 {[%clk 1:30:30]} 33. Nf3 {[%clk
1:30:30]} Nxf3+ {[%clk 1:30:30]} 34. Qxf3 {[%clk 1:30:30]} Rf5 {[%clk 1:30:30]}
35. Qa8+ {[%clk 1:30:30]} Kf7 {[%clk 1:30:30]} 36. Qh8 {[%clk 1:30:30]} Re5
{[%clk 1:30:30]} 37. Qh7+ {[%clk 1:30:30]} Ke6 {[%clk 1:30:30]} 38. Rxe5+ {[%clk
1:30:30]} Qxe5 {[%clk 1:30:30]} 39. Qxg6 {[%clk 1:30:30]} Qe1+ {[%clk 1:30:30]}
40. Kh2 {[%clk 1:30:30]} Qxf2 {[%clk 1:30:30]} 41. Qxh5 {[%clk 1:30:30]} Qf4+
{[%clk 1:30:30]} 42. Kg1 {[%clk 1:30:30]} Qg5 {[%clk 1:30:30]} 43. Qxg5 {[%clk
1:30:30]} fxg5 {[%clk 1:30:30]} 44. Kf2 {[%clk 1:30:30]} Kf5 {[%clk 1:30:30]} 45.
Kf3 {[%clk 1:30:30]} e5 {[%clk 1:30:30]} 46. Ke3 {[%clk 1:30:30]} e4 {[%clk
1:30:30]} 47. g3 {[%clk 1:30:30]} Ke5 {[%clk 1:30:30]} 48. Kf2 {[%clk 1:30:30]}
Kd4 {[%clk 1:30:30]} 49. Ke2 {[%clk 1:30:30]} e3 {[%clk 1:30:30]} 50. Ke1 {[%clk
1:30:30]} Kd3 {[%clk 1:30:30]} 51. Kd1 {[%clk 1:30:30]} e2+ {[%clk 1:30:30]} 52.
Ke1 {[%clk 1:30:30]} Ke3 {[%clk 1:30:30]} 53. h4 {[%clk 1:30:30]} Ke4 {[%clk
1:30:30]} 54. h5 {[%clk 1:30:30]} Kf5 {[%clk 1:30:30]} 55. g4+ {[%clk 1:30:30]}
Kf6 {[%clk 1:30:30]} 56. Kxe2 {[%clk 1:30:30]} Kg7 {[%clk 1:30:30]} 57. Ke3
{[%clk 1:30:30]} Kh6 {[%clk 1:30:30]} 58. Ke4 {[%clk 1:30:30]} Kg7 {[%clk
1:30:30]} 59. Kf5 {[%clk 1:30:30]} Kh6 {[%clk 1:30:30]} 60. Kf6 {[%clk 1:30:30]}
Kh7 {[%clk 1:30:30]} 1-0

[Event "Campeonato España Sub 10"]
[Site "Salobreña"]
[Date "2017.07.03"]
[Round "1"]
[White "Rocha Gonzalez, Oliver"]
[Black "Fuertes Cirauqui, Pablo"]
[Result "0-1"]
[Board "18"]
[WhiteElo "1113"]
[WhiteCountry "ESP"]
[WhiteFideId "24596108"]
[WhiteEloChange "-3"]
[BlackElo "1415"]
[BlackCountry "ESP"]
[BlackFideId "24513598"]
[BlackEloChange "3"]

1. e4 {[%clk 1:30:30]} e6 {[%clk 1:30:30]} 2. d4 {[%clk 1:30:30]} d5 {[%clk
1:30:30]} 3. e5 {[%clk 1:30:30]} c5 {[%clk 1:30:30]} 4. c3 {[%clk 1:30:30]} Nc6
{[%clk 1:30:30]} 5. Nf3 {[%clk 1:30:30]} Bd7 {[%clk 1:30:30]} 6. Be2 {[%clk
1:30:30]} Bc8 {[%clk 1:30:30]} 7. Bf1 {[%clk 1:30:30]} Bd7 {[%clk 1:30:30]} 8.
Be2 {[%clk 1:30:30]} f6 {[%clk 1:30:30]} 9. Bf4 {[%clk 1:30:30]} Qb6 {[%clk
1:30:30]} 10. b3 {[%clk 1:30:30]} cxd4 {[%clk 1:30:30]} 11. cxd4 {[%clk 1:30:30]}
Bb4+ {[%clk 1:30:30]} 12. Kf1 {[%clk 1:30:30]} Rc8 {[%clk 1:30:30]} 13. a3 {[%clk
1:30:30]} Be7 {[%clk 1:30:30]} 14. Qd3 {[%clk 1:30:30]} fxe5 {[%clk 1:30:30]} 15.
Nxe5 {[%clk 1:30:30]} Nxe5 {[%clk 1:30:30]} 16. Bxe5 {[%clk 1:30:30]} Rc1+ {[%clk
1:30:30]} 17. Bd1 {[%clk 1:30:30]} Bb5 {[%clk 1:30:30]} 18. Qxb5+ {[%clk
1:30:30]} Qxb5+ {[%clk 1:30:30]} 19. Ke1 {[%clk 1:30:30]} Qd3 {[%clk 1:30:30]}
20. Nd2 {[%clk 1:30:30]} Bg5 {[%clk 1:30:30]} 21. f4 {[%clk 1:30:30]} Qe3+ {[%clk
1:30:30]} 22. Kf1 {[%clk 1:30:30]} Rxa1 {[%clk 1:30:30]} 23. Bxg7 {[%clk
1:30:30]} Rxd1# {[%clk 1:30:30]} 0-1

[Event "Campeonato España Sub 10"]
[Site "Salobreña"]
[Date "2017.07.03"]
[Round "1"]
[White "Garijo Perez, Hugo"]
[Black "Gil Rex, Diego"]
[Result "1-0"]
[Board "19"]
[WhiteElo "1392"]
[WhiteCountry "ESP"]
[WhiteFideId "24533033"]
[WhiteEloChange "4"]
[BlackElo "1127"]
[BlackCountry "ESP"]
[BlackFideId "24533041"]
[BlackEloChange "-4"]

1. e4 {[%clk 1:30:30]} d6 {[%clk 1:30:30]} 2. d4 {[%clk 1:30:30]} e5 {[%clk
1:30:30]} 3. dxe5 {[%clk 1:30:30]} dxe5 {[%clk 1:30:30]} 4. Qxd8+ {[%clk
1:30:30]} Kxd8 {[%clk 1:30:30]} 5. Be3 {[%clk 1:30:30]} Nc6 {[%clk 1:30:30]} 6.
Bc4 {[%clk 1:30:30]} Be6 {[%clk 1:30:30]} 7. Bxe6 {[%clk 1:30:30]} fxe6 {[%clk
1:30:30]} 8. Nc3 {[%clk 1:30:30]} Nf6 {[%clk 1:30:30]} 9. O-O-O+ {[%clk 1:30:30]}
Bd6 {[%clk 1:30:30]} 10. f3 {[%clk 1:30:30]} Ke7 {[%clk 1:30:30]} 11. Kb1 {[%clk
1:30:30]} Rhd8 {[%clk 1:30:30]} 12. Nge2 {[%clk 1:30:30]} a6 {[%clk 1:30:30]} 13.
Na4 {[%clk 1:30:30]} b6 {[%clk 1:30:30]} 14. c4 {[%clk 1:30:30]} b5 {[%clk
1:30:30]} 15. cxb5 {[%clk 1:30:30]} axb5 {[%clk 1:30:30]} 16. Nc5 {[%clk
1:30:30]} Ra7 {[%clk 1:30:30]} 17. Nc3 {[%clk 1:30:30]} Rb8 {[%clk 1:30:30]} 18.
a3 {[%clk 1:30:30]} g5 {[%clk 1:30:30]} 19. Nb3 {[%clk 1:30:30]} Raa8 {[%clk
1:30:30]} 20. Bxg5 {[%clk 1:30:30]} b4 {[%clk 1:30:30]} 21. axb4 {[%clk 1:30:30]}
Bxb4 {[%clk 1:30:30]} 22. Na2 {[%clk 1:30:30]} Ba3 {[%clk 1:30:30]} 23. Rd3
{[%clk 1:30:30]} Nd4 {[%clk 1:30:30]} 24. Nxd4 {[%clk 1:30:30]} Rxb2+ {[%clk
1:30:30]} 25. Ka1 {[%clk 1:30:30]} exd4 {[%clk 1:30:30]} 26. Rxa3 {[%clk
1:30:30]} Rab8 {[%clk 1:30:30]} 27. e5 {[%clk 1:30:30]} d3 {[%clk 1:30:30]} 28.
Bxf6+ {[%clk 1:30:30]} Kf7 {[%clk 1:30:30]} 29. Rxd3 {[%clk 1:30:30]} c5 {[%clk
1:30:30]} 30. Nc3 {[%clk 1:30:30]} Rc2 {[%clk 1:30:30]} 31. g4 {[%clk 1:30:30]}
h6 {[%clk 1:30:30]} 32. Rd7+ {[%clk 1:30:30]} Kg6 {[%clk 1:30:30]} 33. Rg7#
{[%clk 1:30:30]} 1-0